00599cam5a220021700 4500001001200000008004100012035001900053035001900072100002700091245005600118260001000174949003900184004000600223591002500229591002400254591001700278591003200295591002800327909000900355999001700364zam00003039951128s1973 xx eng u a(Sirsi) r20375 a(MACHINE)MSLC. aSperroff, L.6A81718.110aClinical gynecologic endocrinology and infertility. c1973. aRG159wLCmMEDICALtBOOKlON-SHELF20375 aClass code: OBS 510. aCourse: Obstetrics. aSchool: S07. aLecturer: Dr. SIKAZWE, N.C. aNumber of Students: 34. aBook c52473d52473